• 首页
  • 本馆介绍
  • 公告通知
  • 最新文献
  • 馆藏检索
  • 电子资源
  • 读者导购
  • 参考咨询
  • 我的图书馆
  • 登录
  • 详细信息显示
  • 放入我的书架
  • 预约/预借图书
  • 作者相关作品
  • 分类相关作品
  • 丛书相关作品
  • 出版社相关作品

书目信息

  • 表格格式
  • 工作单格式
  • 卡片格式
题名:
青年生理卫生常识
    
 
作者: 韩济生 著
分册: 4  
出版信息: 北京   中国青年出版社  1982
页数: 128
开本: 19cm
丛书名:
单 册:
中图分类: R161.5
科图分类:
主题词: 个人卫生
电子资源:
ISBN:
000 00515nam0 2200193 45
001 0181013036
005 20060926093258.81
010    @dCNY0.33
091    @a14009.18
100    @a20810111d1982 km y0chiy0120 ea
101 0  @achi
200 1  @a青年生理卫生常识@Aqing nian sheng li wei sheng chang shi@Fhan ji sheng@h4@f韩济生等著
210    @a北京@c中国青年出版社@d1982
215    @a128@c图@d19cm
606 0  @a个人卫生
690    @aR161.5
701 0  @a韩济生@4著
801    @aCN@bTSTC@c20060926
905    @dR161.5@e35:4
    
    青年生理卫生常识.4/韩济生等著.-北京:中国青年出版社,1982
    128:图;19cm
    
    
    ISBN :CNY0.33
    
●
相关链接 在E读中查询图书 在五车中查询图书 在当当中查询图书 在豆瓣中查询图书


正题名:青年生理卫生常识     索取号:R161.5/35:4         预约/预借

序号 登录号 条形码 馆藏地/架位号 状态 备注
1 0422711   204227112   密集书库/ [索取号:R161.5/35:4] 在馆    
2 0437363   204373631   密集书库/ [索取号:R161.5/35:4] 在馆    
3 0437364   204373640   密集书库/ [索取号:R161.5/35:4] 在馆    
4 0452186   204521865   密集书库/ [索取号:R161.5/35:4] 在馆    
5 0458356   204583566   密集书库/ [索取号:R161.5/35:4] 在馆    
唐山师范学院图书馆 欢迎您!
大连网信软件有限公司© 版权所有